| 000 | 01274cam a2200193 i 4500 | ||
|---|---|---|---|
| 999 |
_c2300 _d2300 |
||
| 020 | _a0220670153 : | ||
| 020 | _a9780220670153 | ||
| 050 | 0 | 0 |
_aHD69.I6 _bW54 |
| 100 | 1 | _aWilson, J. P. | |
| 245 | 1 | 0 |
_aInflation, deflation, reflation : _bmanagement and accounting in economic uncertainty / _cJ. P. Wilson. |
| 260 |
_aLondon : _bBusiness Books, _c1980. |
||
| 300 |
_axiv, 345 p. ; _c24 cm. |
||
| 500 | _aIncludes index. | ||
| 505 | _aChapter 1: The Economic Background to Inflation Chapter 2: Correcting Inflation - Deflation and Reflation Chapter 3: The Danger of Inflation to a Business Chapter 4: The Danger to a Business of the Correction of Inflation Chapter 5: Purchasing Power Chapter 6: The Measurement of Changing Values Chapter 7: The Detailed Effect of Changing Values Chapter 8: Accounting for Inflation in Published Account Chapter 9: General Considerations in Management Action Chapter 10: Management Information Chapter 11: Capital Investment - Decision and Control Chapter 12: Personnel Policy Chapter 13: Procurement and Production Chapter 14: Sales Chapter 15: Financial Management | ||
| 650 | 0 |
_aIndustrial management _xEffect of inflation on. |
|
| 650 | 0 |
_aAccounting _xEffect of inflation on. |
|
| 650 | 0 | _aInflation (Finance) | |
| 942 | _cBK | ||